El corazón de un torero / (Record no. 186759)

MARC details
000 -LEADER
campo de control de longitud fija 00789nam a2200217 i 4500
001 - NÚMERO DE CONTROL
campo de control 186759
003 - IDENTIFICADOR DE NÚMERO DE CONTROL
campo de control ES-MaACL
005 - FECHA Y HORA DE LA ÚLTIMA TRANSACCIÓN
campo de control 20250915063107.0
008 - DATOS DE LONGITUD FIJA--INFORMACIÓN GENERAL
campo de control de longitud fija 170213s1910 sp |||| | spa d
080 ## - NÚMERO DE LA CLASIFICACIÓN DECIMAL UNIVERSAL
Número de la Clasificación Decimal Universal 821.134.2-32"18"
100 1# - ENTRADA PRINCIPAL--NOMBRE DE PERSONA
Nombre de persona Serrano García-Vao, Manuel,
Fechas asociadas al nombre 1863-1914
9 (RLIN) 161717
245 10 - MENCIÓN DEL TÍTULO
Título El corazón de un torero /
Mención de responsabilidad, etc. : novela de Manuel S. García-Vao ; ilustraciones de Manchón.
260 ## - PUBLICACIÓN, DISTRIBUCIÓN, ETC.
Lugar de publicación, distribución, etc. Madrid :
Nombre del editor, distribuidor, etc. Los Contemporáneos,
Fecha de publicación, distribución, etc. 1910 (
Fabricante Imp. de Alrededor del Mundo)
300 ## - DESCRIPCIÓN FÍSICA
Extensión [20] p. :
Otras características físicas il. col. y n. ;
Dimensiones 27 cm.
490 1# - MENCIÓN DE SERIE
Mención de serie Los contemporáneos ;
Designación de volumen o secuencia 69
650 #4 - PUNTO DE ACCESO ADICIONAL DE MATERIA--TÉRMINO DE MATERIA
Término de materia o nombre geográfico como elemento de entrada Corridas de toros-
Subdivisión de forma Cuentos.
9 (RLIN) 144065
700 1# - ENTRADA AGREGADA--NOMBRE PERSONAL
Nombre de persona Manchón, Ramón.
9 (RLIN) 75926
830 0# - PUNTO DE ACCESO ADICIONAL DE SERIE-TÍTULO UNIFORME
Título uniforme Los contemporáneos ;
Designación de volumen o secuencia 69
9 (RLIN) 185715
852 ## - LOCALIZACIÓN
Ubicación ES-MaACL
Número de control de estantería R-2598(14)
Holdings
Estatus retirado Estado de pérdida Estado de daño No para préstamo Biblioteca de origen Biblioteca actual Ubicación en estantería Fecha de adquisición Fuente de adquisición Total de préstamos Signatura topográfica completa Código de barras Visto por última vez Precio de reemplazo Tipo de ítem Koha
        Biblioteca del Ateneo de Madrid Biblioteca del Ateneo de Madrid Depósito 13/02/2017     R-2598(14) 1196994 23/02/2023 23/02/2023 Libro impreso